La Catedral de León : (Record no. 115588)

MARC details
000 -LEADER
campo de control de longitud fija 01585nam a2200337 i 4500
001 - NÚMERO DE CONTROL
campo de control 115588
003 - IDENTIFICADOR DE NÚMERO DE CONTROL
campo de control ES-MaACL
005 - FECHA Y HORA DE LA ÚLTIMA TRANSACCIÓN
campo de control 20251001142438.0
007 - CAMPO FIJO DE DESCRIPCIÓN FÍSICA--INFORMACIÓN GENERAL
campo de control de longitud fija t|
008 - DATOS DE LONGITUD FIJA--INFORMACIÓN GENERAL
campo de control de longitud fija 070320s1895 sp aef |||| | spa d
080 ## - NÚMERO DE LA CLASIFICACIÓN DECIMAL UNIVERSAL
Número de la Clasificación Decimal Universal 726.6(460.181 León)
100 1# - ENTRADA PRINCIPAL--NOMBRE DE PERSONA
Nombre de persona Ríos, Demetrio de los.
9 (RLIN) 97361
245 13 - MENCIÓN DEL TÍTULO
Título La Catedral de León :
Resto del título monografía /
Mención de responsabilidad, etc. por D. Demetrio de los Ríos y Serrano.
260 ## - PUBLICACIÓN, DISTRIBUCIÓN, ETC.
Lugar de publicación, distribución, etc. Madrid :
Nombre del editor, distribuidor, etc. [s.n.],
Fecha de publicación, distribución, etc. 1895 (
Fabricante Imp. del S. Corazón de Jesús)
300 ## - DESCRIPCIÓN FÍSICA
Extensión 2 v. (221 p. ; 244 p.) :
Otras características físicas il., grab. ;
Dimensiones 32 cm.
490 1# - MENCIÓN DE SERIE
Mención de serie Biblioteca del "Resumen de arquitectura" / editada por Antero de Oteyza y Barinaga
530 ## - NOTA DISPONIBLE DE FORMULARIO FÍSICO ADICIONAL
Nota de formato físico adicional disponible Disponible en formato digital.
599 ## - NOTA A LAS ILUSTRACIONES
NOTA A LAS ILUSTRACIONES Grab. interc., lám. en fototipia, planos y apéndices.
599 ## - NOTA A LAS ILUSTRACIONES
NOTA A LAS ILUSTRACIONES Lám.: "Hauser y Menet. Madrid" ; Ilustraciones: "V. Lampérez"
610 24 - PUNTO DE ACCESO ADICIONAL DE MATERIA--NOMBRE DE ENTIDAD CORPORATIVA
Nombre de entidad corporativa o nombre de jurisdicción como elemento de entrada Catedral de León-
Subdivisión de forma Historia.
9 (RLIN) 162189
610 24 - PUNTO DE ACCESO ADICIONAL DE MATERIA--NOMBRE DE ENTIDAD CORPORATIVA
Nombre de entidad corporativa o nombre de jurisdicción como elemento de entrada Catedral de León-
Subdivisión general Restauración.
9 (RLIN) 2517
651 #4 - PUNTO DE ACCESO ADICIONAL DE MATERIA--NOMBRE GEOGRÁFICO
Nombre geográfico León-
Subdivisión general Edificios, estructuras, etc.
9 (RLIN) 172802
700 1# - ENTRADA AGREGADA--NOMBRE PERSONAL
Nombre de persona Lampérez y Romea, Vicente,
Fechas asociadas al nombre 1861-1923
9 (RLIN) 128639
700 1# - ENTRADA AGREGADA--NOMBRE PERSONAL
Nombre de persona Oteyza y Barinaga, Antero de.
9 (RLIN) 130741
710 2# - ENTRADA AGREGADA--NOMBRE DE ENTIDAD CORPORATIVA
Nombre de entidad corporativa o nombre de jurisdicción como elemento de entrada Hauser y Menet (Madrid)
9 (RLIN) 4558
830 1# - PUNTO DE ACCESO ADICIONAL DE SERIE-TÍTULO UNIFORME
Título uniforme Biblioteca del "Resumen de arquitectura" / editada por Antero de Oteyza y Barinaga
9 (RLIN) 188426
852 4# - LOCALIZACIÓN
Ubicación ES-MaACL
Número de control de estantería B-11454-55
856 4# - LOCALIZACIÓN Y ACCESO ELECTRÓNICOS
Identificador Uniforme de Recursos <a href="http://bibliotecadigital.jcyl.es/i18n/consulta/registro.cmd?id=13066">http://bibliotecadigital.jcyl.es/i18n/consulta/registro.cmd?id=13066</a>
Nota pública Biblioteca Digital de Castilla y León
856 4# - LOCALIZACIÓN Y ACCESO ELECTRÓNICOS
Identificador Uniforme de Recursos <a href="https://bvpb.mcu.es/es/consulta/registro.do?id=398248 ">https://bvpb.mcu.es/es/consulta/registro.do?id=398248 </a>
Nota pública Biblioteca Virtual del Patrimonio Bibliográfico
Holdings
Estatus retirado Estado de pérdida Estado de daño No para préstamo Colección Biblioteca de origen Biblioteca actual Ubicación en estantería Fecha de adquisición Fuente de adquisición Total de préstamos Signatura topográfica completa Código de barras Visto por última vez Precio de reemplazo Tipo de ítem Koha
        Colección digital Biblioteca del Ateneo de Madrid Biblioteca del Ateneo de Madrid Sala Pardo Bazán 17/01/2008     B-11454-55 1120534 23/02/2023 23/02/2023 Libro impreso antiguo